000 01158nam a2200253Ia 4500
003 Ost
005 20260507075637.0
008 260507s9999||||xx |||||||||||||| ||und||
020 _a91004029957
040 _cfsecg
041 _aara
082 _a657.63
100 _aكراجة، عبد الحليم
_eمؤلف
245 0 _aمحاسبة المنشآت الخاصة /
_c عبد الحليم كراجة
260 _aعمان:
_bدار صفاء للنشر والتوزيع,
_c2001
300 _a208 صفحة؛
_bإيضاحات ؛
_c24 سم
520 _aمفهوم المحاسبة الخاصة- محاسبة الجمعيات والنوادي- محاسبة الفنادق- محاسبة المهن الحرة- المحاسبة في المقاولات- المحاسبة في المستشفيات- المحاسبة في شركات النقل البحري- المحاسبة في شركات التأمين
653 _aالقطاع الخاص
653 _aالمحاسبة
653 _aالمحاسبة الخاصة
653 _aالمنشآت الخاصة
700 _aسالم، عبد الرحمن
_eمؤلف ثانوي
942 _cكتاب
999 _c45325
_d45325